| 000 -LEADER |
| fixed length control field |
00642nam a2200229Ia 4500 |
| 001 - CONTROL NUMBER |
| control field |
3006 |
| 003 - CONTROL NUMBER IDENTIFIER |
| control field |
GE_BSU |
| 008 - FIXED-LENGTH DATA ELEMENTS--GENERAL INFORMATION |
| fixed length control field |
181216s||||||||xx |||||||||||||| ||und|| |
| 020 ## - INTERNATIONAL STANDARD BOOK NUMBER |
| International Standard Book Number |
573100630x |
| 040 ## - CATALOGING SOURCE |
| Transcribing agency |
GE_BSU |
| 080 ## - UNIVERSAL DECIMAL CLASSIFICATION NUMBER |
| Universal Decimal Classification number |
330.101(075.8) |
| 100 ## - MAIN ENTRY--PERSONAL NAME |
| Personal name |
Гребенников,П.И. А.И. Леусский, Л.С Тарасевич |
| 245 ## - TITLE STATEMENT |
| Title |
Микроэкономика |
| 245 ## - TITLE STATEMENT |
| Statement of responsibility, etc. |
общая редакция Л.С Тарасевича |
| 260 ## - PUBLICATION, DISTRIBUTION, ETC. |
| Place of publication, distribution, etc. |
СПб |
| 260 ## - PUBLICATION, DISTRIBUTION, ETC. |
| Name of publisher, distributor, etc. |
Изд-во СПбУЭФ |
| 260 ## - PUBLICATION, DISTRIBUTION, ETC. |
| Date of publication, distribution, etc. |
1996 |
| 300 ## - PHYSICAL DESCRIPTION |
| Extent |
352 с. 21 см. |
| 653 ## - INDEX TERM--UNCONTROLLED |
| Uncontrolled term |
Микроэкономика |
| 942 ## - ADDED ENTRY ELEMENTS (KOHA) |
| Koha item type |
წიგნი |